000 00251nam a2200109Ia 4500
008 190216s9999||||xx |||||||||||||| ||und||
100 _aBarbara Cartland
245 4 _aThe Unprediatable Bride
260 _bArow Books
650 _aEnglish
942 _cBK
999 _c12848
_d12848